Justicia Constitucional Revista de Jurisprudencia y Doctrina

Detalles Bibliográficos
Formato: Seriadas
Lenguaje:español
Publicado: Lima : Palestra Editores, 2005-
Materias:
Acceso en línea:Acceso restringido

MARC

LEADER 00000nas a22000007a 4500
005 20111215134058.0
007 cr|||| ||||
008 111215c20059999pe ||||| |||| 00| 0 spa d
022 |a 1991-167X 
035 |a 6112 
040 |a vLex 
090 |c 2832  |d 2832 
245 0 0 |a Justicia Constitucional  |h [Recurso electrn̤ico]   |b Revista de Jurisprudencia y Doctrina 
256 |a Servicio en ln̕ea 
260 |a Lima :  |b Palestra Editores,  |c 2005- 
300 |a 1 recurso electrn̤ico 
310 |a Desconocido 
362 0 |a Nm︢. 1 (2005)- 
506 1 |a Contenido solo disponible en los productos indicados  |d vLex Global   |d vLex Global (Academic Edition, excluding Law Schools)   |d vLex Global (U.S. Academic Edition, Law Schools)   |d vLex Global (U.S. Academic Edition, excluding Law Schools)   |d vLex Global (Academic Edition, Law Schools)  
650 0 4 |a Derecho constitucional  |z Per︢ 
740 0 |a vLex Revistas (Servicio en ln̕ea) 
856 4 0 |u http://vlex.com/source/justicia-constitucional-revista-jurisprudencia-doctrina-6112  |z Acceso restringido 
942 |c REV 
999 0 |a Constitutional law